000 00526nam a2200205Ia 4500
008 171025s9999 xx 000 0 und d
020 _a9781846967504
050 _a567.9
050 _bD621 2008
100 _aDixon, Dougal
245 4 _aThe story of the dinosaurs and life on earth /
245 _cby Dougal Dixon.
260 _aGreat Britain :
260 _bTicktock,
260 _c2008
300 _a112 pages :
300 _bcolor illustrations ;
300 _c28cm.
500 _aIncludes glossary and index.
999 _c344598
_d344598